Wortgemisch - Deutsche Landkreise und kreisfreie Städte - Statistiken

Allgemein
  • Dieses Quiz wurde 43 mal gespielt
  • Das Durchschnittsergebnis liegt bei 7 aus 20
Antwortstatistiken
Landkreis / Kreisfreie Stadt % Korrekt
Augsburg
100%
Aurich
100%
Berlin
100%
Bielefeld
100%
Bochum
100%
Borken
100%
Bottrop
100%
Bremen
100%
Calw
100%
Cham
100%
Cottbus
100%
Dahme-Spreewald
100%
Darmstadt-Dieburg
100%
Dortmund
100%
Dresden
100%
Duisburg
100%
Düren
100%
Düsseldorf
100%
Erzgebirge
100%
Essen
100%
Euskirchen
100%
Fulda
100%
Fürth
100%
Göppingen
100%
Gotha
100%
Göttingen
100%
Greiz
100%
Hagen
100%
Halle (Saale)
100%
Havelland
100%
Heidelberg
100%
Heidenheim
100%
Herford
100%
Hof
100%
Höxter
100%
Ilm
100%
Kassel
100%
Kelheim
100%
Kiel
100%
Kleve
100%
Köln
100%
Landau in der Pfalz
100%
Landshut
100%
Leer
100%
Leipzig
100%
Leverkusen
100%
Lörrach
100%
Lübeck
100%
Magdeburg
100%
Mainz
100%
Memmingen
100%
Mettmann
100%
Münster
100%
Neuss
100%
Nürnberg
100%
Oberhavel
100%
Offenbach
100%
Oldenburg
100%
Paderborn
100%
Peine
100%
Plön
100%
Potsdam
100%
Regensburg
100%
Rheinisch-Bergischer
100%
Rostock
100%
Roth
100%
Saale-Holzland
100%
Saarpfalz
100%
Solingen
100%
Stade
100%
Trier
100%
Uckermark
100%
Ulm
100%
Vechta
100%
Verden
100%
Weimar
100%
Wittmund
100%
Wolfenbüttel
100%
Wolfsburg
100%
Worms
100%
Würzburg
100%
Zweibrücken
100%
Meißen
86%
Cuxhaven
75%
Harz
75%
Darmstadt
67%
Emmendingen
67%
Erfurt
67%
Hildesheim
67%
Regen
67%
Saale-Orla
67%
Waldshut
67%
Gelsenkirchen
60%
Südwestpfalz
60%
Ahrweiler
50%
Bamberg
50%
Bautzen
50%
Birkenfeld
50%
Coburg
50%
Deggendorf
50%
Dessau-Roßlau
50%
Diepholz
50%
Ennepe-Ruhr
50%
Flensburg
50%
Frankfurt am Main
50%
Gießen
50%
Groß-Gerau
50%
Hamburg
50%
Jerichower Land
50%
Kaufbeuren
50%
Lippe
50%
Lüneburg
50%
Ostholstein
50%
Pirmasens
50%
Ravensburg
50%
Rhein-Lahn
50%
Rhön-Grabfeld
50%
Rosenheim
50%
Saale
50%
Saarlouis
50%
Sächsische Schweiz- Osterzgebirge
50%
Schwäbisch Hall
50%
Schwerin
50%
Spree-Neiße
50%
Suhl
50%
Tuttlingen
50%
Vogtland
50%
Vorpommern-Greifswald
50%
Vorpommern-Rügen
50%
Weißenburg-Gunzenhausen
50%
Wesel
50%
Chemnitz
40%
Stendal
40%
Amberg
33%
Barnim
33%
Elbe-Elster
33%
Goslar
33%
Hameln-Pyrmont
33%
Holzminden
33%
Kusel
33%
Neustadt an der Weinstraße
33%
Städteregion Aachen
33%
Teltow-Fläming
33%
Wittenberg
33%
Zollernalb
33%
Bergstraße
25%
Limburg-Weilburg
25%
Oberhausen
25%
Rastatt
25%
Schmalkalden-Meiningen
25%
Sigmaringen
25%
Hochsauerland
20%
Aichach-Friedberg
0%
Alb-Donau
0%
Altenburger Land
0%
Altenkirchen (Westerwald)
0%
Altötting
0%
Alzey-Worms
0%
Amberg-Sulzbach
0%
Ammerland
0%
Anhalt-Bitterfeld
0%
Ansbach
0%
Aschaffenburg
0%
Bad Dürkheim
0%
Baden-Baden
0%
Bad Kissingen
0%
Bad Kreuznach
0%
Bad Tölz-Wolfratshausen
0%
Bayreuth
0%
Berchtesgadener Land
0%
Bernkastel-Wittlich
0%
Biberach
0%
Bitburg-Prüm
0%
Böblingen
0%
Bodenseekreis
0%
Bonn
0%
Börde
0%
Brandenburg an der Havel
0%
Braunschweig
0%
Breisgau-Hochschwarzwald
0%
Bremerhaven
0%
Burgenland
0%
Celle
0%
Cloppenburg
0%
Cochem-Zell
0%
Coesfeld
0%
Dachau
0%
Delmenhorst
0%
Dillingen an der Donau
0%
Dingolfing-Landau
0%
Dithmarschen
0%
Donau-Ries
0%
Donnersberg
0%
Ebersberg
0%
Eichsfeld
0%
Eichstätt
0%
Emden
0%
Emsland
0%
Enz
0%
Erding
0%
Erlangen
0%
Erlangen-Höchstadt
0%
Esslingen
0%
Forchheim
0%
Frankenthal (Pfalz)
0%
Frankfurt (Oder)
0%
Freiburg im Breisgau
0%
Freising
0%
Freudenstadt
0%
Freyung-Grafenau
0%
Friesland
0%
Fürstenfeldbruck
0%
Garmisch-Partenkirchen
0%
Gera
0%
Germersheim
0%
Gifhorn
0%
Görlitz
0%
Grafschaft Bentheim
0%
Günzburg
0%
Gütersloh
0%
Hamm
0%
Harburg
0%
Haßberge
0%
Heide
0%
Heilbronn
0%
Heinsberg
0%
Helmstedt
0%
Herne
0%
Hersfeld-Rotenburg
0%
Herzogtum Lauenburg
0%
Hildburghausen
0%
Hochtaunus
0%
Hohenlohe
0%
Ingolstadt
0%
Jena
0%
Kaiserslautern
0%
Karlsruhe
0%
Kempten (Allgäu)
0%
Kitzingen
0%
Koblenz
0%
Konstanz
0%
Krefeld
0%
Kronach
0%
Kulmbach
0%
Kyffhäuser
0%
Lahn-Dill
0%
Landsberg am Lech
0%
Lichtenfels
0%
Lindau (Bodensee)
0%
Lüchow-Dannenberg
0%
Ludwigsburg
0%
Ludwigshafen am Rhein
0%
Ludwigslust-Parchim
0%
Main-Kinzig
0%
Main-Spessart
0%
Main-Tauber
0%
Main-Taunus
0%
Mainz-Bingen
0%
Mannheim
0%
Mansfeld-Südharz
0%
Marburg-Biedenkopf
0%
Märkischer
0%
Märkisch-Oderland
0%
Mayen-Koblenz
0%
Mecklenburgische Seenplatte
0%
Merzig-Wadern
0%
Miesbach
0%
Miltenberg
0%
Minden-Lübbecke
0%
Mittelsachsen
0%
Mönchengladbach
0%
Mühldorf am Inn
0%
Mülheim an der Ruhr
0%
München
0%
Neckar-Odenwald
0%
Neuburg-Schrobenhausen
0%
Neumarkt in der Oberpfalz
0%
Neumünster
0%
Neunkirchen
0%
Neustadt an der Aisch- Bad Windsheim
0%
Neustadt an der Waldnaab
0%
Neu-Ulm
0%
Neuwied
0%
Nienburg (Weser)
0%
Nordfriesland
0%
Nordhausen
0%
Nordsachsen
0%
Nordwestmecklenburg
0%
Northeim
0%
Nürnberger Land
0%
Oberallgäu
0%
Oberbergischer
0%
Oberspreewald-Lausitz
0%
Odenwaldkreis
0%
Oder-Spree
0%
Olpe
0%
Ortenau
0%
Osnabrück
0%
Ostalb
0%
Ostallgäu
0%
Osterholz
0%
Ostprignitz-Ruppin
0%
Passau
0%
Pfaffenhofen an der Ilm
0%
Pforzheim
0%
Pinneberg
0%
Potsdam-Mittelmark
0%
Prignitz
0%
Recklinghausen
0%
Regionalverband Saarbrücken
0%
Region Hannover
0%
Remscheid
0%
Rems-Murr
0%
Rendsburg-Eckernförde
0%
Reutlingen
0%
Rhein-Erft
0%
Rheingau-Taunus
0%
Rhein-Hunsrück
0%
Rhein-Neckar
0%
Rhein-Pfalz
0%
Rhein-Sieg
0%
Rotenburg (Wümme)
0%
Rottal-Inn
0%
Rottweil
0%
Saalfeld-Rudolstadt
0%
Salzgitter
0%
Salzland
0%
Salzwedel
0%
Schaumburg
0%
Schleswig-Flensburg
0%
Schwabach
0%
Schwalm-Eder
0%
Schwandorf
0%
Schwarzwald-Baar
0%
Schweinfurt
0%
Segeberg
0%
Siegen-Wittgenstein
0%
Soest
0%
Sömmerda
0%
Sonneberg
0%
Speyer
0%
Starnberg
0%
Steinburg
0%
Steinfurt
0%
Stormarn
0%
Straubing
0%
Straubing-Bogen
0%
Stuttgart
0%
St. Wendel
0%
Südliche Weinstraße
0%
Tirschenreuth
0%
Traunstein
0%
Trier-Saarburg
0%
Tübingen
0%
Uelzen
0%
Unna
0%
Unstrut-Hainich
0%
Unterallgäu
0%
Viersen
0%
Vogelsberg
0%
Vulkaneifel
0%
Waldeck-Frankenberg
0%
Warendorf
0%
Wartburg
0%
Weiden in der Oberpfalz
0%
Weilheim-Schongau
0%
Weimarer Land
0%
Werra-Meißner
0%
Wesermarsch
0%
Westerwald
0%
Wetterau
0%
Wiesbaden
0%
Wilhelmshaven
0%
Wunsiedel im Fichtelgebirge
0%
Wuppertal
0%
Zwickau
0%
Keine übereinstimmenden Quizze gefunden
Verteilung der Resultate
Anzahl Personen mit jedem Resultat
Perzentil nach korrekt beantworteten Fragen
Ihre Resultats-Entwicklung
Sie haben dieses Quiz noch nicht gespielt